| 000 | 00000nam##2200000za#4500 |
| 001 | 9.580095 |
| 003 | CaOODSP |
| 005 | 20210624190856 |
| 007 | cr ||||||||||| |
| 008 | 150406|2008||||xxc|||||o f|0| 0 eng|d |
| 022 | |a1488-5387 |
| 040 | |aCaOODSP|beng |
| 043 | |an-cn--- |
| 086 | 1 |aFs97-4/2805E-PDF |
| 110 | 1 |aCanada. |bDepartment of Fisheries and Oceans. |
| 245 | 10|aHecate Strait groundfish bottom trawl survey, May 25th to June 29th, 2005 / |h[electronic resource]|cby G.D. Workman, N. Olsen, and K.L. Rutherford. |
| 260 | |aNanaimo - British Columbia : |bFisheries and Oceans Canada |c2008. |
| 300 | |a61p.|bfigs., references, tables |
| 490 | 1 |aCanadian manuscript report of fisheries and aquatic sciences|x1488-5387|vNo. 2805 |
| 500 | |aFile reproduced from original print. On t. p. : Science Branch, Pacific Region, Pacific Biological Station, Nanaimo, BC. The catalogue number and ISSN for the print edition appear in the PDF version. |
| 546 | |a(Résumés en français) |
| 590 | |a14-13-Supp|b2014-06-23 |
| 720 | 1 |aRutherford, K. L. |
| 720 | 1 |aWorkman, G. D. |
| 720 | 1 |aOlsen, N. |
| 776 | 0#|tHecate Strait groundfish bottom trawl survey, May 25th to June 29th, 2005 / |w(CaOODSP)9.619195 |
| 830 | #0|aCanadian manuscript report of fisheries and aquatic sciences,|x1488-5387|vNo. 2805|w(CaOODSP)9.505211 |
| 856 | 40|ahttp://publications.gc.ca|qPDF|s613 KB|uhttps://publications.gc.ca/collections/collection_2014/mpo-dfo/Fs97-4-2805-eng.pdf|yNo. 2805 |